Bankové a zmenkové nástroje na obnovenie stratenej dôvery v podnikaní

Salvato in:
Dettagli Bibliografici
Autore principale: Pavelka, Ľuboš, 1962-
Natura: Capitolo di libro
Lingua:slovacco
Soggetti:
Tags: Aggiungi Tag
Nessun Tag, puoi essere il primo ad aggiungerne!!

MARC

LEADER 00000naa$a2200000$$$4500
001 0104705
005 20240502083248.7
041 0 |a slo 
044 |a AT 
245 1 0 |a Bankové a zmenkové nástroje na obnovenie stratenej dôvery v podnikaní  |c Ľuboš Pavelka 
500 |a Prezentácia 
610 2 0 |a banky 
610 2 0 |a trh finančný 
610 2 0 |a úver bankový 
610 2 0 |a zmenky 
610 2 0 |a dlžníci 
610 2 0 |a kríza finančná 
610 2 0 |a podnikanie 
100 1 |a Pavelka, Ľuboš, 1962-